Y... ¿si vendemos frijol? /
El texto ofrece un análisis de la situación real del sector campesino productor de granos básicos en Costa Rica, en un período de ajuste estructural. Se presenta la oportunidad de tratar un tema no tocado para el campesinado y que por medio del texto se comunica lo que más les conviene para salir ad...
Gorde:
| Egile nagusia: | |
|---|---|
| Beste egile batzuk: | |
| Formatua: | Liburua |
| Hizkuntza: | Spanish |
| Argitaratua: |
San José, Costa Rica:
Centro de Estudios y Publicaciones Alforja; Corporación Educativa para el Desarrollo Costarricense, CEDECO,
1994
|
| Gaiak: | |
| Etiketak: |
Etiketa erantsi
Etiketarik gabe, Izan zaitez lehena erregistro honi etiketa jartzen!
|
MARC
| LEADER | 00000nam a22000007a 4500 | ||
|---|---|---|---|
| 003 | cru CIDCACS/IIS | ||
| 005 | 20230705113014.0 | ||
| 008 | 200305s1994 cr |||||r|||||||| ||spa|d | ||
| 020 | |a 997926204 | ||
| 040 | |c cru CRAI/IIS | ||
| 090 | |a 07.05.03 M778y | ||
| 100 | 1 | |a Montero Solis, Dennis |9 9116 | |
| 245 | 1 | |a Y... ¿si vendemos frijol? / |c Dennis Montero S., José A. Chaves V. | |
| 260 | |a San José, Costa Rica: |b Centro de Estudios y Publicaciones Alforja; |b Corporación Educativa para el Desarrollo Costarricense, CEDECO, |c 1994 | ||
| 300 | |a 117 páginas: |b tablas, gráficos, ilustraciones | ||
| 520 | 3 | |a El texto ofrece un análisis de la situación real del sector campesino productor de granos básicos en Costa Rica, en un período de ajuste estructural. Se presenta la oportunidad de tratar un tema no tocado para el campesinado y que por medio del texto se comunica lo que más les conviene para salir adelante como agricultores, esto, en un periodo de crisis para los sectores populares del país como de la región. FGO 20/03/2023 | |
| 650 | 0 | 0 | |2 UNESCO |9 93 |a AGRICULTURA |
| 650 | 0 | 0 | |2 OCDE |9 399 |a TIERRA AGRICOLA |
| 650 | 0 | 0 | |2 OCDE |9 2019 |a ECONOMIA AGRARIA |
| 651 | 0 | |2 TESAURO UNESCO |9 32 |a COSTA RICA | |
| 700 | 1 | |9 9117 |a Chaves Villalobos, José Antonio | |
| 942 | |2 ddc |c LI | ||
| 999 | |c 42331 |d 42331 | ||
